000 00868cam a2200301 a 4500
001 3750966
003 OSt
005 20230620141339.0
008 820708s1983 nbua b s001 0 eng
010 _a 82013360
020 _a0803268564 (pbk.)
020 _a0803219628
040 _aDLC
_cDLC
_dDLC
043 _an-us---
082 0 0 _a323.4
_bFOR
100 1 _aForsythe, David P.,
_d1941-
245 1 0 _aHuman rights and world politics /
_cby David P. Forsythe.
260 _aLincoln :
_bUniversity of Nebraska Press,
_cc1983.
300 _axiv, 309 p. :
_bill. ;
_c22 cm.
500 _aIncludes index.
504 _aBibliography: p. [255]-260.
650 0 _aCivil rights.
650 0 _aHuman rights.
650 0 _aWorld politics.
651 0 _aUnited States
_xForeign relations.
906 _a7
_bcbc
_corignew
_d1
_eocip
_f19
_gy-gencatlg
942 _2ddc
_cBK
999 _c1766
_d1766